<?xml version="1.0" encoding="UTF-8"?>
<record
    xmlns:xsi="http://www.w3.org/2001/XMLSchema-instance"
    xsi:schemaLocation="http://www.loc.gov/MARC21/slim http://www.loc.gov/standards/marcxml/schema/MARC21slim.xsd"
    xmlns="http://www.loc.gov/MARC21/slim">

  <leader>01126nam a22002655i 4500</leader>
  <controlfield tag="001">157765</controlfield>
  <controlfield tag="003">ES-MaACL</controlfield>
  <controlfield tag="005">20250930063136.0</controlfield>
  <controlfield tag="008">040819s1779    gw a         |||| | ger d</controlfield>
  <datafield tag="040" ind1=" " ind2=" ">
    <subfield code="a">CAM </subfield>
    <subfield code="b">spa </subfield>
    <subfield code="c">CAM</subfield>
  </datafield>
  <datafield tag="100" ind1="0" ind2=" ">
    <subfield code="a">Linn&#xE9;, Carl von, </subfield>
    <subfield code="d">1707-1778</subfield>
    <subfield code="9">72451</subfield>
  </datafield>
  <datafield tag="245" ind1="1" ind2="0">
    <subfield code="a">Des Ritters Carl von Linne' ... Natursystem des Mineralreichs </subfield>
    <subfield code="b">: nach der zwolsten lateinischen Ausgabe in einer freyen und vermehrten Uebersestung von Johann Friederich Gmelin ...; Vierter Theil...</subfield>
  </datafield>
  <datafield tag="260" ind1=" " ind2=" ">
    <subfield code="a">Nurnberg : </subfield>
    <subfield code="b">vey Gabriel Nicolaus Raspe, </subfield>
    <subfield code="c">1779.</subfield>
  </datafield>
  <datafield tag="300" ind1=" " ind2=" ">
    <subfield code="a">LXIV, 528 [i.e. 548], [10], [2] en bl. p., [30] h. de grab. ; </subfield>
    <subfield code="c">8&#xBA;.</subfield>
  </datafield>
  <datafield tag="597" ind1=" " ind2=" ">
    <subfield code="a">Sign.: a-d\p8\s, A-2L\p8\s, 2M\p8\s.</subfield>
  </datafield>
  <datafield tag="597" ind1=" " ind2=" ">
    <subfield code="a">Letra g&#xF3;tica.</subfield>
  </datafield>
  <datafield tag="597" ind1=" " ind2=" ">
    <subfield code="a">Error de paginaci&#xF3;n en la &#xFA;ltima pag.</subfield>
  </datafield>
  <datafield tag="599" ind1=" " ind2=" ">
    <subfield code="a">Las h. pleg. de grab. calc. representado f&#xF3;siles.</subfield>
  </datafield>
  <datafield tag="650" ind1=" " ind2="4">
    <subfield code="a">Minerales.</subfield>
    <subfield code="9">15052</subfield>
  </datafield>
  <datafield tag="700" ind1="1" ind2="1">
    <subfield code="a">Gmelin, Johann Friederich.</subfield>
    <subfield code="9">127344</subfield>
  </datafield>
  <datafield tag="700" ind1="1" ind2="1">
    <subfield code="a">Raspe, Gabriel Nicolaus, </subfield>
    <subfield code="e">ed.</subfield>
    <subfield code="9">131617</subfield>
  </datafield>
  <datafield tag="752" ind1=" " ind2=" ">
    <subfield code="a">Alemania - </subfield>
    <subfield code="d">Nuremberg</subfield>
  </datafield>
  <datafield tag="852" ind1=" " ind2=" ">
    <subfield code="a">ES-MaACL</subfield>
    <subfield code="j">R-817-20   </subfield>
    <subfield code="z">-- Enc. piel  </subfield>
    <subfield code="x">Olim: G-2879-82</subfield>
  </datafield>
  <datafield tag="999" ind1=" " ind2=" ">
    <subfield code="c">157765</subfield>
    <subfield code="d">157765</subfield>
  </datafield>
  <datafield tag="952" ind1=" " ind2=" ">
    <subfield code="0">0</subfield>
    <subfield code="1">0</subfield>
    <subfield code="4">0</subfield>
    <subfield code="7">0</subfield>
    <subfield code="8">LIBXVIII</subfield>
    <subfield code="a">ATENEOM</subfield>
    <subfield code="b">ATENEOM</subfield>
    <subfield code="c">DEPO</subfield>
    <subfield code="d">2008-01-17</subfield>
    <subfield code="l">0</subfield>
    <subfield code="o">R-817-20</subfield>
    <subfield code="p">1165101</subfield>
    <subfield code="r">2023-02-23 00:00:00</subfield>
    <subfield code="w">2023-02-23</subfield>
    <subfield code="y">MONANT</subfield>
  </datafield>
</record>
